| Tag |
First Indicator |
Second Indicator |
Subfields |
| LEADER |
00000cam a2200000 4500 |
| 001 |
in00000468024 |
| 005 |
20151013050902.0 |
| 008 |
740806s1971 lau b 00110 eng |
| 010 |
|
|
|a 77168397
|
| 035 |
|
|
|a (OCoLC)00972343
|
| 035 |
|
|
|9 ACA6918AM
|
| 040 |
|
|
|a DLC
|c OSU
|d TXA
|d UtOrBLW
|
| 049 |
|
|
|a TXAM
|c [438962]
|
| 050 |
0 |
0 |
|a F215
|b .W85 1971
|
| 100 |
1 |
|
|a Woodward, C. Vann
|q (Comer Vann),
|d 1908-1999.
|
| 245 |
1 |
0 |
|a Origins of the New South, 1877-1913 /
|c by C. Vann Woodward. With a critical essay on recent works by Charles B. Dew.
|
| 264 |
|
1 |
|a [Baton Rouge] :
|b Louisiana State University Press,
|c [1971]
|
| 264 |
|
4 |
|c [©1971]
|
| 300 |
|
|
|a xi, 654 pages ;
|c 24 cm.
|
| 336 |
|
|
|a text
|b txt
|2 rdacontent
|
| 337 |
|
|
|a unmediated
|b n
|2 rdamedia
|
| 338 |
|
|
|a volume
|b nc
|2 rdacarrier
|
| 490 |
1 |
|
|a A History of the South,
|v v. 9
|
| 504 |
|
|
|a Bibliography: pages 482-628.
|
| 586 |
|
|
|a Bancroft Prize, 1952
|
| 651 |
|
0 |
|a Southern States
|x History
|y 1865-1877.
|
| 651 |
|
0 |
|a Southern States
|x Social conditions.
|
| 651 |
|
0 |
|a Southern States
|x History
|y 1865-1951.
|
| 830 |
|
0 |
|a History of the South ;
|v v. 9.
|
| 999 |
|
|
|a MARS
|
| 999 |
f |
f |
|s bbc1117e-57bd-318c-88c8-832f5810ca71
|i c496d58b-4062-357b-9ad2-d5bd98cd9402
|t 0
|
| 952 |
f |
f |
|p normal
|a Texas A&M University
|b College Station
|c Sterling C. Evans Library
|d Evans: Library Stacks
|t 0
|e F215 .W85 1971
|h Library of Congress classification
|i unmediated -- volume
|m A14802279262
|
| 998 |
f |
f |
|a F215 .W85 1971
|t 0
|l Evans: Library Stacks
|